Lo stato e il diritto nella concezione di Irnerio
Guardado en:
| Autor principal: | |
|---|---|
| Formato: | Libro |
| Lenguaje: | italiano |
| Publicado: |
Milán
Dott. A. Giuffrè
1954
|
| Materias: | |
| Etiquetas: |
Agregar Etiqueta
Sin Etiquetas, Sea el primero en etiquetar este registro!
|
MARC
| LEADER | 00000nam a2200000 a 4500 | ||
|---|---|---|---|
| 001 | UCR2924 | ||
| 003 | CL-VaPUC | ||
| 008 | 980116e19540000IT |||||||||||||||||ita|d | ||
| 082 | 0 | 4 | |a 340.109 |b ROT |2 21 |
| 100 | 0 | |a Rota, Antonio |e author |9 401442 | |
| 245 | 1 | 3 | |a Lo stato e il diritto nella concezione di Irnerio |
| 300 | |a 191 p | ||
| 942 | |c BK | ||
| 945 | |d 19980116 00:00:00 |a crobeson | ||
| 260 | |a Milán |b Dott. A. Giuffrè |c 1954 | ||
| 650 | 0 | |a Historia del derecho |9 255109 | |
| 650 | 7 | |a DERECHO |2 CL-VaPUC |9 401443 | |
| 650 | 0 | |a Estado |9 255503 | |
| 583 | |a last modification |c 19980116 00:00:00 |k Rodrigo Vera | ||
| 999 | |c 266045 |d 266043 | ||
| 952 | |0 0 |1 0 |4 0 |6 340_109000000000000_ROT_1954 |7 0 |8 DER_HIS |9 297335 |a BIBDER |b BIBDER |d 2019-11-20 |i 1933000 |o 340.109 ROT 1954 |p 1933000 |r 2023-01-25 |w 2019-11-20 |x Ubicación 4to Piso |y BK |z Estos recursos deben solicitarse con anticipación |k DER | ||